000 00348 a2200157 4500
001 183606
020 _a85-87728-23-7
040 _cMagnum
100 _aVersiani, Ivana
240 1 0 _aA revolta das bruxinhas
_lpor
245 1 0 _aA revolta das bruxinhas
300 _a71
362 0 _a2005
697 _aLITERATURA INFANTO-JUVENIL
942 _cBK
999 _c183606
_d183606